00460nam a2200133Ia 4500008004100000100002300041245005300064245006100117260005300178260000900231300001000240650001500250856006100265170221s9999 xx 000 0 und d aAbd M. Alkhawaldeh aBrand Equity and Brand Loyalty: New Perspective  cAbd M. Alkhawaldeh, Salniza Md. Salleh, Fairol Bin Halim bInternational Review of Management and Marketing c2016 a6 : 4 xMarketing. uhttp://www.econjournals.com/index.php/irmm/issue/view/88